Los estados contables de empresas que construyen sobre inmueble propio (Registro nro. 10339)

Detalles MARC
000 -LEADER
fixed length control field 00394 a2200121 4500
001 - CONTROL NUMBER
control field ART_51284
005 - DATE AND TIME OF LATEST TRANSACTION
control field 20260410161608.0
008 - FIXED-LENGTH DATA ELEMENTS--GENERAL INFORMATION
fixed length control field 260409a
100 1# - MAIN ENTRY--PERSONAL NAME
Personal name Simaro, Gustavo
245 10 - TITLE STATEMENT
Title Los estados contables de empresas que construyen sobre inmueble propio
700 1# - ADDED ENTRY--PERSONAL NAME
Personal name Torchelli, Valeria
773 0# - HOST ITEM ENTRY
Title Profesional & Empresaria
Related parts - Año XXI, Nº 248 (mayo 2020)
Record control number REV70

No hay ítems disponibles.